000 00633nam a2200169 a 4500
001 000039629
005 20201002033641.0
008 130712s1988 sp 000 0 spa d
040 _aDO-SdBNP
_bspa
_cBNPHU
100 1 _aSmith, Paul Julian
_965808
245 1 0 _aEscrito al margen :
_bliteratura española del siglo de oro /
_cPaul Julian Samith ; traductor Cristina de la Torre.
260 _aMadrid :
_bNueva Biblioteca de Erudición y Crítica,
_c1988.
300 _a254 p. ;
_c25 cm.
500 _aIncluye notas al pie de las páginas
504 _aBibliografía : p. 247-254
700 1 _aTorre, Cristina de la Torre,
_etrad.
_965809
999 _c39119
_d39119